| 000 | 00000nam##2200000za#4500 |
| 001 | 9.579176 |
| 003 | CaOODSP |
| 005 | 20210624190435 |
| 007 | cr ||||||||||| |
| 008 | 150406|1998||||xxc|||||o f|0| 0 eng|d |
| 022 | |a1488-5379 |
| 040 | |aCaOODSP|beng |
| 043 | |an-cn--- |
| 086 | 1 |aFs97-6/2235E-PDF |
| 110 | 1 |aCanada. |bDepartment of Fisheries and Oceans. |
| 245 | 10|aVertical distribution of juvenile chum salmon (Oncorhynchus keta) in relation to a thermal discharge into Port Moody Arm, Burrard Inlet, British Columbia / |h[electronic resource]|cby I.K. Birtwell ... [et al.] |
| 260 | |aNew Westminster - British Columbia : |bFisheries and Oceans Canada |c1998. |
| 300 | |a113p.|bfigs., references, tables |
| 490 | 1 |aCanadian technical report of fisheries and aquatic sciences|x1488-5379|vNo. 2235 |
| 500 | |aOn t. p. : Science Branch, Marine Environmental Habitat Science Division, New Westminster, B.C. The catalogue number and ISSN for the print edition appear in the PDF version. |
| 546 | |a(Résumé en français) |
| 590 | |a14-06-Supp|b2014-03-21 |
| 720 | 1 |aBirtwell, I. K. |
| 830 | #0|aCanadian technical report of fisheries and aquatic sciences,|x1488-5379|vNo. 2235|w(CaOODSP)9.504449 |
| 856 | 40|ahttp://publications.gc.ca|qPDF|s5419 KB|uhttps://publications.gc.ca/collections/collection_2014/mpo-dfo/Fs97-6-2235-eng.pdf|yNo. 2235 |